01018nam a22002777a 450000500170000000800410001701000150005802000260007302000230009903500130012203700130013504000130014808200120016110000190017324500650019225000110025726000380026827000420030630000340034849000710038250000510045365000290050483000490053385600850058285600730066720121015151920.0121015t xxu||||| |||| 00| 0 eng d aENG-106093 a9781259027529c599.00 a125902752xc599.00 aEN-89626 bDBAD/PUB aDPLbEng00a6702211 aSchey, John A.10aIntroduction to manufacturing processes /cby John A. Schey a3rd ed aNew DelhibTata McGraw-Hillc2012 a7 West Patel NagarbNew Delhie110008 axx, 962p. :bill. c24cm(pbk)1 aMcGraw-Hill series in mechanical engineering and materials science aIncludes bibliographical references and index. 0aManufacturing processes. 0aMcGraw-Hill series in mechanical engineering423Publisher descriptionuhttp://www.loc.gov/catdir/description/mh023/99030381.html413Table of contentsuhttp://www.loc.gov/catdir/toc/mh023/99030381.html